000 00249nam a2200097Ia 4500
001 819008
005 20250826171804.0
008 250824s9999 xx 000 0 und d
245 0 _aENTERESAN BİTKİLER
_cAYŞE SALİHA EMON
260 _bACAYİP YAYINLARI
999 _c819008
_d819008